| 000 -ლიდერი |
| ფიქსირებული სიგრძის საკონტროლო ველი |
01388nam a2200289Ia 4500 |
| 001 - საკონტროლო ნომერი |
| საკონტროლო ველი |
20845 |
| 003 - საკონტროლო ნომრის იდენტიფიკატორი |
| საკონტროლო ველი |
GE_BSU |
| 005 - ბოლო ოპერაციის თარიღი და დრო |
| საკონტროლო ველი |
20210507201834.0 |
| 008 - ფიქსირებული სიგრძის მონაცემთა ელემენტები - ზოგადი ინფორმაცია |
| ფიქსირებული სიგრძის საკონტროლო ველი |
181216s2012||||ge |||||||||||||| || || |
| 020 ## - წიგნის საერთაშორისო სტანდარტული ნომერი |
| International Standard Book Number |
9789941155444 |
| 040 ## - კატალოგიზაციის წყარო |
| Transcribing agency |
GE_BSU |
| 041 ## - ენის კოდი |
| Language code of text/sound track or separate title |
geo |
| 080 ## - უნივერსალური ათობითი კლასიფიკაციის ინდექსი |
| Universal Decimal Classification number |
821.521-31 ა-16 |
| 100 ## - მთავარი ჩანაწერი - პიროვნების სახელი |
| Personal name |
აბე, კობო |
| 9 (RLIN) |
11756 |
| 245 ## - ცნობა სათაურის შესახებ |
| Title |
ქალი ქვიშაში ; ადამიანი-ყუთი : |
| Remainder of title |
რომანები / |
| Statement of responsibility, etc |
კობო აბე ; მთარგმნ. : აკაკი ბრეგაძე, ლილი მჭედლიშვილი ; რედ. რუსუდან გორგაძე. |
| 264 ## - წარმოების, გამოცემის, დისტრიბუციის და სხვა ცნობები |
| გამოცემის, წარმოების, დისტრიბუციის... ადგილი |
თბილისი : |
| გამოცემის, წარმოების, დისტრიბუციის... სახელწოდება |
ბაკურ სულაკაურის გამ-ბა, |
| გამოცემის, წარმოების, დისტრიბუციის... თარიღი |
2012. |
| 300 ## - ფიზიკური აღწერა |
| Extent |
335 გვ. ; |
| Dimensions |
22 სმ. |
| 490 ## - სერიის ცნობა |
| Series statement |
მსოფლიო კლასიკა |
| 653 ## - INDEX TERM--UNCONTROLLED |
| Uncontrolled term |
მხატვრული ლიტერატურა |
| 653 ## - INDEX TERM--UNCONTROLLED |
| Uncontrolled term |
ქალი ქვიშაში |
| 653 ## - INDEX TERM--UNCONTROLLED |
| Uncontrolled term |
ადამიანი-ყუთი |
| 700 ## - ADDED ENTRY--PERSONAL NAME |
| Personal name |
ბრეგაძე, აკაკი |
| Relator term |
მთარგმნელი |
| 9 (RLIN) |
11757 |
| 700 ## - ADDED ENTRY--PERSONAL NAME |
| Personal name |
მჭედლიშვილი, ლილი |
| Relator term |
მთარგმნელი |
| 9 (RLIN) |
11758 |
| 700 ## - ADDED ENTRY--PERSONAL NAME |
| Personal name |
გორგაძე, რუსუდან |
| Relator term |
რედაქტორი |
| 9 (RLIN) |
7136 |
| 942 ## - ADDED ENTRY ELEMENTS (KOHA) |
| Koha item type |
წიგნი |
| Source of classification or shelving scheme |
|